INTEREST RATE OPTIONS (Record no. 8935)
[ view plain ]
| 000 -LEADER | |
|---|---|
| fixed length control field | 00331nam a2200145 4500 |
| 005 - DATE AND TIME OF LATEST TRANSACTION | |
| control field | 20260311161007.0 |
| 008 - FIXED-LENGTH DATA ELEMENTS--GENERAL INFORMATION | |
| fixed length control field | CU66 |
| 020 ## - INTERNATIONAL STANDARD BOOK NUMBER | |
| International Standard Book Number | 0852974426 |
| 050 ## - LIBRARY OF CONGRESS CALL NUMBER | |
| Classification number | HG 1621 COY |
| 245 ## - TITLE STATEMENT | |
| Title | INTEREST RATE OPTIONS |
| 260 ## - PUBLICATION, DISTRIBUTION, ETC. | |
| Place of publication, distribution, etc. | LONDON |
| Name of publisher, distributor, etc. | FINANACIAL WORLD PUB. |
| Date of publication, distribution, etc. | 2001 |
| 300 ## - PHYSICAL DESCRIPTION | |
| Extent | 153p.,INDEX |
| 500 ## - GENERAL NOTE | |
| General note | GLOSSARY,INDEX |
| 942 ## - ADDED ENTRY ELEMENTS (KOHA) | |
| Source of classification or shelving scheme | Library of Congress Classification |
| Koha item type | Books |
| Suppress in OPAC | No |
| 999 ## - | |
| -- | 8935 |
| -- | 8935 |
| Withdrawn status | Lost status | Source of classification or shelving scheme | Damaged status | Not for loan | Home library | Current library | Shelving location | Date acquired | Total checkouts | Full call number | Barcode | Date last seen | Price effective from | Koha item type | Collection | Copy number |
|---|---|---|---|---|---|---|---|---|---|---|---|---|---|---|---|---|
| Library of Congress Classification | Business Library (Miotso) | Business Library (Miotso) | General stacks | 03/11/2026 | HG1621 COY | BSSM00002506 | 03/11/2026 | 03/11/2026 | Books | Non-fiction | 6 | |||||
| Library of Congress Classification | Business Library (Miotso) | Business Library (Miotso) | General stacks | 03/11/2026 | HG1621 COY | BSSM00002507 | 03/11/2026 | 03/11/2026 | Books | Non-fiction | 7 | |||||
| Library of Congress Classification | Graduate Library (Christ Temple) | Graduate Library (Christ Temple) | General stacks | 03/11/2026 | HG 1621 COY | gsct00003198 | 03/11/2026 | 03/11/2026 | Books | |||||||
| Library of Congress Classification | Graduate Library (Christ Temple) | Graduate Library (Christ Temple) | General stacks | 03/11/2026 | HG 1621 COY | gsct00003199 | 03/11/2026 | 03/11/2026 | Books | |||||||
| Library of Congress Classification | Graduate Library (Christ Temple) | Graduate Library (Christ Temple) | General stacks | 03/11/2026 | HG 1621 COY | gsct00003200 | 03/11/2026 | 03/11/2026 | Books | |||||||
| Library of Congress Classification | Graduate Library (Christ Temple) | Graduate Library (Christ Temple) | General stacks | 03/11/2026 | HG 1621 COY | gsct00003201 | 03/11/2026 | 03/11/2026 | Books | |||||||
| Library of Congress Classification | Graduate Library (Christ Temple) | Graduate Library (Christ Temple) | General stacks | 03/11/2026 | HG 1621 COY | gsct00003202 | 03/11/2026 | 03/11/2026 | Books |